Evidovaná nezamestnanosť a príspevky v nezamestnanosti

Bibliographic Details
Format: Article
Language:Slovak
PhysicalDescription:Tab. 2
Subjects:

MARC

LEADER 00000nab a2200000 a 4500
001 vtls000644256
003 SK-MaSNL
005 20260426070849.0
008 201103c1997 xo 0 slo
015 |a SNBRB19rr/mm-uuuuu 
035 |a CL0644395 
040 |a SNKBUCL  |b slo  |c SNKBUCL  |e AACR2 
041 0 |a slo 
044 |a xo  |c SK 
080 |a 31:331.5:331.13(437.6)  |2 1981 
245 0 0 |a Evidovaná nezamestnanosť a príspevky v nezamestnanosti 
300 |b Tab. 2 
650 0 7 |a nezamestnanosť  |2 snkbucl  |9 4271 
650 0 7 |a príspevky v nezamestnanosti  |2 snkbucl  |9 866570 
651 7 |a Slovensko  |2 SNKPHgeo  |9 14231 
655 7 |a články z novín a časopisov  |2 snkbucl  |9 267496 
773 0 |t Bulletin  |g Č. 7 (1997), s. 28 
850 |a Slovenská národná knižnica v Martine  |a MTA001 
852 |a SNK  |b KIS3GCP 
958 |a SK 
958 |a RK 
958 |a RBX 
999 |c 2671981  |d 2673911